Porovnanie odhadov prevádzkových životností vybraných častí pracovných strojov podľa rôznych hypotéz kumulácií únavového poškodeni. (Comparison appraisal working life selection sections industrial machine by various hypothesis cumulation fatigue damage) [CD-ROM] : Diplomová práca
Gespeichert in:
| 1. Verfasser: | |
|---|---|
| Weitere Verfasser: | |
| Format: | Manuskript Buch |
| Sprache: | Slowakisch |
| Veröffentlicht: |
Bratislava :
STU v Bratislave SjF,
2007
|
| Schlagworte: | |
| Tags: |
Keine Tags, Fügen Sie das erste Tag hinzu!
|
MARC
| LEADER | 00000ntm a22000003a 4500 | ||
|---|---|---|---|
| 001 | stu157854 | ||
| 005 | 20150617225956.7 | ||
| 008 | 080212s2007----xo------------------slo-d | ||
| 040 | |a STU |b slo | ||
| 041 | 0 | |a slo | |
| 044 | |a xo | ||
| 100 | 1 | |a Kalmanová, Helena, |d 1978- |4 aut |u J130 |9 100 |U SjF Ústav dopravnej techniky a konštruovania |T SjF Katedra časti strojov |X 28208 |U J130 |Y 39 |7 A000028208 | |
| 245 | 1 | |a Porovnanie odhadov prevádzkových životností vybraných častí pracovných strojov podľa rôznych hypotéz kumulácií únavového poškodeni. (Comparison appraisal working life selection sections industrial machine by various hypothesis cumulation fatigue damage) [CD-ROM] : |b Diplomová práca | |
| 260 | |a Bratislava : |b STU v Bratislave SjF, |c 2007 | ||
| 300 | |a 88 s | ||
| 650 | 7 | |a životnosť |2 stusub | |
| 650 | 7 | |a Wöhlerová krivka |2 stusub | |
| 650 | 7 | |a hypotézy kumulácie |2 stusub | |
| 650 | 7 | |a konštrukčné materiály |2 stusub | |
| 650 | 7 | |a life |2 estusub | |
| 650 | 7 | |a Wöhler curve |2 estusub | |
| 650 | 7 | |a construction materials |2 estusub | |
| 700 | 1 | |a Bukoveczky, Juraj, |d 1944- |4 xxx |u J130 |U SjF Ústav dopravnej techniky a konštruovania |T SjF Katedra časti strojov |X 2487 |U J130 |Y 39 |7 A000002487 | |
| 700 | 1 | |a Jaššo, Peter, |d 1945- |4 csl |u J130 |U SjF Ústav dopravnej techniky a konštruovania |T SjF Katedra časti strojov |X 2481 |U J130 |Y 39 |7 A000002481 | |
| 996 | |b 284J032188 |c J*108588 |l JJSK |s A |a 24 |w stu157854_0001 | ||